| 000 | 00532nam a2200193Ia 4500 | ||
|---|---|---|---|
| 003 | IN-BaIIA | ||
| 008 | 211028s9999 xx 000 0 eng d | ||
| 040 | _cIIA Library | ||
| 080 |
_a535 _bWOO |
||
| 100 | _aWood, Robert W. | ||
| 245 | 0 |
_aPhysical optics _cRobert W. Wood |
|
| 250 | _a3rd ed | ||
| 260 |
_aNew York _bMacmillan _c1936 |
||
| 300 | _axvi, 846p. | ||
| 500 | _aDonated by Mrs. Bappu | ||
| 650 | _aAstronomy and Astrophysics Thesaurus | ||
| 650 | _aOptics | ||
| 942 | _cBK | ||
| 999 |
_c7695 _d7695 |
||